000 00426nam a2200157Ia 4500
008 160316s1995 xxu||||| |||| 00| 0 eng d
082 _a346.066000
_bRAM-II -2
100 _aRamaiya A
245 _aGuide to the companies act. Vol.II
250 _a13th
260 _aNagpur
_bWadhwa & Co.
_c1995
300 _a3098p
_b
_c
365 _bRs.1430/- per s
650 _a1.Company Law - Companies Act - Corporate Law
700 _a
_a
999 _c7951
_d7951